| 000 | 00866cam a2200193 4500 | ||
|---|---|---|---|
| 001 | WB3736-02 | ||
| 008 | 010927n2001 000 0 eng u | ||
| 035 | _a(Sirsi) u114892 | ||
| 245 | _aConstruction sector commentary | ||
| 260 | _c2001 | ||
| 490 |
_aUK Economic Brief (RICS) _v September 2001, 5(1) |
||
| 520 | _aReports on construction activity for Q2 2001. So far the industry has not been affected by the economic slowdown. It has recovered from the floods of Autumn 2000 and has even produced higher output than the same period last year. However output growth was led by repair and maintenance rather than new structures, suggesting that the economy may be having some effect. | ||
| 590 | _aWB | ||
| 650 | _aCONSTRUCTION MARKET | ||
| 650 | _aECONOMY | ||
| 650 | _aCONSTRUCTION SECTOR | ||
| 690 | _aBUILT ENVIRONMENT-CONSTRUCTION MARKET | ||
| 942 | _n0 | ||
| 999 |
_c68418 _d68418 |
||